000 00747nam a22002417a 4500
999 _c1168
_d1168
003 AR-CdUCM
008 190226b ||||| |||| 00| 0 spa d
020 _a9788495053442
040 _aMUNICIPALIDAD PROVINCIAL DEL CUSCO
_cBIBLIOTECA MUNICIPAL DEL CUSCO
082 _a869.814 /
_bJ53
100 _aJiménez, Arnaldo
_94580
245 _aEl Nombre del Frio /
_cJiménez, Arnaldo
260 _aBarcelona :
_bGrafiques del Foix,
_c2007.
300 _a28 paginas ;
_bil,
_c25cm.
500 _atextos y dibujos
505 _aEl nombre del frio
650 _aCuento Infantil
_94581
650 _aTextos y Dibujos
_94582
650 _aLiteratura
_983
700 _aLópez Gómez, Coralia
_94583
942 _2ddc
_cLIBROS
945 _apjha
_d2019-02-26